Space and time, matter and mind : The relationship between reality and space-time
In principle, the elements of space and time cannot be measured. Therefore, the following question arises: how are reality and space-time related to each other? In this book, it is argued, on the basis of many facts, that reality is not embedded but projected onto space and time. We can never make s...
Enregistré dans:
| Auteur principal: | |
|---|---|
| Format: | Livre |
| Langue: | Undetermined |
| Publié: |
Singapore
World Scientific
1994
|
| Sujets: | |
| Tags: |
Ajouter un tag
Pas de tags, Soyez le premier à ajouter un tag!
|
| Thư viện lưu trữ: | Trung tâm Học liệu Trường Đại học Cần Thơ |
|---|
| LEADER | 01205nam a2200229Ia 4500 | ||
|---|---|---|---|
| 001 | CTU_156676 | ||
| 008 | 210402s9999 xx 000 0 und d | ||
| 020 | |c 38 | ||
| 082 | |a 115 | ||
| 082 | |b S369 | ||
| 100 | |a Schommers, W. | ||
| 245 | 0 | |a Space and time, matter and mind : | |
| 245 | 4 | |b The relationship between reality and space-time | |
| 245 | 0 | |c W. Schommers | |
| 260 | |a Singapore | ||
| 260 | |b World Scientific | ||
| 260 | |c 1994 | ||
| 520 | |a In principle, the elements of space and time cannot be measured. Therefore, the following question arises: how are reality and space-time related to each other? In this book, it is argued, on the basis of many facts, that reality is not embedded but projected onto space and time. We can never make statements about the actual reality outside (basic reality), but we can "only" form pictures of it. These are pictures of the same reality on different levels. From this point of view, the "hard" objects (matter) and the products of the mind are similar in character. | ||
| 650 | |a Reality,Space and time,Quantum theory | ||
| 650 | |x History,History,History | ||
| 904 | |i Bạch Trúc | ||
| 980 | |a Trung tâm Học liệu Trường Đại học Cần Thơ | ||